| 000 | 00476nam a2200133 a 4500 | ||
|---|---|---|---|
| 008 | 120416s1952 ||||||||||||||||| || u | ||
| 050 | _aTH 1715 Bil | ||
| 100 | _aBillington, N. S | ||
| 245 | 1 | 0 | _aThermal properties of buildings |
| 260 |
_aLondon _bCleaver-Hume _c1952 |
||
| 300 | _axii, 207p. : ill. | ||
| 350 | _a0.00 | ||
| 995 |
_D0.00 _FCBU-MAIN LIBRARY (Kitwe) _H1 _I1.00 _M1 _UAVAILABLE _ZAnnex Low-Usage Collection |
||
| 999 |
_c59814 _d59814 |
||